LEADER 02916 am 22005893u 450 001 996309067903316 005 20210112145517.0 010 $a3-11-052709-X 024 7 $a10.1515/9783110527094 035 $a(CKB)4100000005043704 035 $a(OAPEN)1002594 035 $a(MiAaPQ)EBC5494963 035 $a(Au-PeEL)EBL5494963 035 $a(OCoLC)1041985889 035 $a(DE-B1597)474499 035 $a(DE-B1597)9783110527094 035 $a(EXLCZ)994100000005043704 100 $a20200107d|||| uy 101 0 $ager 135 $auuuuu---auuuu 181 $ctxt$2rdacontent 182 $cc$2rdamedia 183 $acr$2rdacarrier 200 10$aTheater im Gespräch: Sprachliche Publikumspraktiken in der Theaterpause 210 $aBerlin, Germany$cDe Gruyter$d2018 215 $a1 online resource (438) 311 $a3-11-052473-2 327 $tFrontmatter -- $tVorwort -- $tInhalt -- $t1. Foyer und Pause, Interaktion und Kontext: Zur Einleitung in den Band -- $t2. Settings und Sampling -- $t3. Methodik I: Erhebung, Aufbereitung, Archivierung, Datenschutz, gesprächslinguistische Auswertung und praxeologische Theoriebildung -- $t4. Methodik II: Beobachterparadoxon - die Aufnahmesituation im Gespräch -- $t5. Konversation, Small Talk, ,Bildungssprache' -- $t6. Transkriptive Praktiken der Kunstkommunikation -- $t7. Bewertungsinteraktionen -- $t8. Rekonstruktive Verfahren -- $t9. Ausblick: Theaterpublikumskommunikation im Internet -- $tLiteraturverzeichnis -- $tTranskriptionszeicheninventar 330 $aConversation in the theatrical break is traditionally associated with the ideal of a public which, inspired by the previous stage experience, rhetorically skillfully communicates about aesthetic and socio-political issues. On the other hand, it is assumed from a critical perspective that such conversations primarily served social distinction, with a banal content. This study empirically reconstructs the practices characteristic of such situations between art communication and recreation, sociability and informal learning on a conversational basis. 517 $aTheater im Gespräch 606 $aLinguistics$2bicssc 606 $aSemantics & pragmatics$2bicssc 606 $aDiscourse analysis$2bicssc 606 $aCommunication studies$2bicssc 610 $aaudience research. 610 $aconversational analysis. 610 $atheater. 615 7$aLinguistics 615 7$aSemantics & pragmatics 615 7$aDiscourse analysis 615 7$aCommunication studies 676 $a430 700 $aGerwinski$b Jan$4aut$0954056 702 $aHabscheid$b Stephan$4aut 702 $aLinz$b Erika$4aut 801 0$bMiAaPQ 801 1$bMiAaPQ 801 2$bMiAaPQ 906 $aBOOK 912 $a996309067903316 996 $aTheater im Gespräch: Sprachliche Publikumspraktiken in der Theaterpause$92157574 997 $aUNISA